<?xml version="1.0" encoding="UTF-8"?>
<record
    xmlns:xsi="http://www.w3.org/2001/XMLSchema-instance"
    xsi:schemaLocation="http://www.loc.gov/MARC21/slim http://www.loc.gov/standards/marcxml/schema/MARC21slim.xsd"
    xmlns="http://www.loc.gov/MARC21/slim">

  <leader>01736cam a2200157   4500500</leader>
  <controlfield tag="005">20260329025555.0</controlfield>
  <datafield tag="041" ind1=" " ind2=" ">
    <subfield code="a">fre</subfield>
  </datafield>
  <datafield tag="042" ind1=" " ind2=" ">
    <subfield code="a">dc</subfield>
  </datafield>
  <datafield tag="100" ind1="1" ind2="0">
    <subfield code="a">Engels, Jens Ivo</subfield>
    <subfield code="e">author</subfield>
  </datafield>
  <datafield tag="700" ind1="1" ind2="0">
    <subfield code="a">Monier, Fr&#xE9;d&#xE9;ric</subfield>
    <subfield code="e">author</subfield>
  </datafield>
  <datafield tag="700" ind1="1" ind2="0">
    <subfield code="a">Petiteau, Natalie</subfield>
    <subfield code="e">author</subfield>
  </datafield>
  <datafield tag="245" ind1="0" ind2="0">
    <subfield code="a">La politique vue d'en bas : Pratiques priv&#xE9;es et d&#xE9;bats publics - 19e-20e si&#xE8;cles</subfield>
  </datafield>
  <datafield tag="260" ind1=" " ind2=" ">
    <subfield code="b">Armand Colin,
									</subfield>
    <subfield code="c">2012.
										</subfield>
  </datafield>
  <datafield tag="520" ind1=" " ind2=" ">
    <subfield code="a">Premier volume d&#x2019;une s&#xE9;rie consacr&#xE9;e &#xE0; l&#x2019;&#xE9;tude des coulisses du politique &#xE0; l&#x2019;&#xE9;poque contemporaine, ce livre collectif est consacr&#xE9; &#xE0; une histoire comparatiste du politique dans l&#x2019;espace europ&#xE9;en. Deux grandes questions sont examin&#xE9;es ici : les formes d&#x2019;apprentissage de la politique en Europe au temps du Premier Empire d&#x2019;un c&#xF4;t&#xE9;, les d&#xE9;bats publics sur la corruption politique et l&#x2019;&#xE9;volution des pratiques de faveur, en France et en Allemagne, de l&#x2019;autre. Il s&#x2019;agit, dans les deux cas, de chercher &#xE0; savoir comment s&#x2019;est form&#xE9; l&#x2019;homo politicus &#xE0; l&#x2019;&#xE9;poque contemporaine, et comment il en est venu &#xE0; d&#xE9;finir le bien commun, en actes et en discours. Au-del&#xE0; d&#x2019;une grande diversit&#xE9; dans les terrains d&#x2019;enqu&#xEA;te, ces &#xE9;tudes dessinent une histoire o&#xF9; les acteurs ordinaires entretiennent des relations complexes avec les gouvernants, o&#xF9; les sph&#xE8;res publiques, si souvent conflictuelles, abritent pamphlets et rumeurs, et o&#xF9; les pratiques de pouvoir r&#xE9;v&#xE8;lent l&#x2019;existence de normes ambivalentes, voire contradictoires. Autant de jalons pour une nouvelle anthropologie historique du politique &#xE0; l&#x2019;&#xE9;chelle europ&#xE9;enne.</subfield>
  </datafield>
  <datafield tag="856" ind1="4" ind2="1">
    <subfield code="u">https://shs.cairn.info/la-politique-vue-d-en-bas-pratiques-privees-debats--9782200274351?lang=fr&amp;redirect-ssocas=7080</subfield>
  </datafield>
  <datafield tag="999" ind1=" " ind2=" ">
    <subfield code="c">1938862</subfield>
    <subfield code="d">1938862</subfield>
  </datafield>
</record>
